Bioinformatics in Aquaculture: Principles and Methods/ (Record no. 51286)

MARC details
000 -LEADER
fixed length control field 00522nam a22001577a 4500
003 - CONTROL NUMBER IDENTIFIER
control field OSt
008 - FIXED-LENGTH DATA ELEMENTS--GENERAL INFORMATION
fixed length control field 260603b |||||||| |||| 00| 0 eng d
020 ## - INTERNATIONAL STANDARD BOOK NUMBER
International Standard Book Number 9781118782354
082 ## - DEWEY DECIMAL CLASSIFICATION NUMBER
Classification number 572.330285
Item number L72B
245 ## - TITLE STATEMENT
Title Bioinformatics in Aquaculture: Principles and Methods/
Remainder of title edited by Zhanjiang (John) Liu
260 ## - PUBLICATION, DISTRIBUTION, ETC. (IMPRINT)
Place of publication, distribution, etc London:
Name of publisher, distributor, etc Willey Blackwell;
Date of publication, distribution, etc 2017
300 ## - PHYSICAL DESCRIPTION
Extent xxxiii, 557 p.; some col. plates
650 ## - SUBJECT ADDED ENTRY--TOPICAL TERM
Topical term or geographic name as entry element Pure Sciences | Biology | Bioinformatics | Mathematics
700 ## - ADDED ENTRY--PERSONAL NAME
Personal name Liu, Zhanjiang (John)
942 ## - ADDED ENTRY ELEMENTS (KOHA)
Source of classification or shelving scheme
Koha item type Books
Holdings
Withdrawn status Lost status Source of classification or shelving scheme Damaged status Not for loan Home library Current library Shelving location Date acquired Source of acquisition Cost, normal purchase price Total Checkouts Full call number Barcode Date last seen Bill Date Koha item type Bill Number
          Dr. Rajendra Prasad Central Agricultural University Pusa, Dr. Rajendra Prasad Central Agricultural University Pusa, General Stacks 03/06/2026 Delight Book Agency 20303.00   572.330285 L72B 87288 03/06/2026 29/01/2026 Books Bill No. DBS/0262025-2026
Hosted, Implemented, Customized & Maintained by: BestBookBuddies

Powered by Koha